Erfolgreichste Nationen bei Freestyle-Skiing WM´s - Statistiken

Allgemein
  • Dieses Quiz wurde 302 mal gespielt
    270 seit der letzten Aktualisierung
  • Das Durchschnittsergebnis liegt bei 20 aus 25
Antwortstatistiken
Rang Land Gold Silber Bronze % Korrekt
2 Vereinigte Staaten 34 31 34
100%
1 Kanada 36 34 33
99%
9 Deutschland 6 4 6
97%
4 Schweiz 9 13 11
97%
8 Norwegen 6 7 3
95%
11 Schweden 3 9 8
95%
3 Frankreich 25 21 22
94%
10 Japan 5 5 6
94%
13 Österreich 3 4 4
94%
12 Finnland 3 5 4
93%
21 Italien 0 2 3
92%
6 Russland 8 5 4
90%
5 China 8 5 5
89%
Slowakei 0 0 1
86%
Slowenien 1 0 0
84%
Spanien 0 0 1
82%
7 Australien 7 6 8
77%
15 Tschechien 2 1 1
77%
23 Neuseeland 0 1 0
71%
Estland 1 0 0
67%
22 Ukraine 0 1 1
67%
14 Weißrussland 2 4 3
61%
16 Großbritannien 1 3 3
55%
17 Kasachstan 1 1 1
43%
18 Usbekistan 1 0 0
15%
Keine übereinstimmenden Quizze gefunden
Verteilung der Resultate
Anzahl Personen mit jedem Resultat
Perzentil nach korrekt beantworteten Fragen
Ihre Resultats-Entwicklung
Sie haben dieses Quiz seit der letzten Aktualisierung nicht gespielt